000 01000cam a22003377a 4500
003 CHAP
005 20220817041305.0
008 971013s1966 r 00010 d
010 _a10518
011 _a11490
035 _a10728
040 _cCHAP
082 _a634.975
_bD3 1966
100 0 0 _aDallimore, W.
_930959
245 1 2 _aA handbook of coniferae and ginkgoaceae
250 _a4 ed
260 _aLondon :
_bArnold,
_c1966
300 _a729 p.
_b: ilus
590 _aBATCH-UPD
_b10
_c20130110
_lUCH01
_h0131
590 _aBATCH-UPD
_b10
_c20130110
_lUCH01
_h1800
590 _aBATCH-UPD
_b10
_c20130410
_lUCH01
_h1136
590 _aBATCH-UPD
_b10
_c20130914
_lUCH01
_h1034
590 _aCONVERSION
_b10
_c20130109
_lUCH01
_h1307
650 1 4 _aConíferas.
650 1 4 _aGinkgoaceae.
_948084
700 0 _aHarrison, S. G.
_952906
700 0 _aJackson, A. Bruce.
_960798
901 _aBK
942 _cLIBRO
949 _a634.975 D3 1966
_bBC
_cMUT
_d33724000238242
_eLIBRO
_h13866
_i10728
_si
_t336.00
999 _c10518
_d10518